The future is paperless (Record no. 121123)
[ view plain ]
| 000 -LEADER | |
|---|---|
| fixed length control field | 00835nas a22001937a 4500 |
| 007 - PHYSICAL DESCRIPTION FIXED FIELD--GENERAL INFORMATION | |
| fixed length control field | ta |
| 008 - FIXED-LENGTH DATA ELEMENTS--GENERAL INFORMATION | |
| fixed length control field | 191004b2019 ||||| |||| 00| 0 eng d |
| 041 ## - LANGUAGE CODE | |
| Language code of text/sound track or separate title | eng |
| 100 ## - MAIN ENTRY--PERSONAL NAME | |
| Personal author | Faragher, Steven |
| 245 ## - TITLE STATEMENT | |
| Title | The future is paperless |
| 490 ## - SERIES TITLE | |
| Series statement | Estates Gazette |
| Volume | (1939) 28 September 2019, 50-52 (3) |
| 520 ## - ABSTRACT | |
| Abstract | Investigates the usage and validity of electronic signatures and their application in property transactions. Reviews the Law commission's report on the electronic execution of documents and deeds and outlines its recommendations. Summarises the current legal position of electronic signatures. |
| 650 ## - KEYWORDS | |
| Keywords | Electronic signatures |
| 650 ## - KEYWORDS | |
| Keywords | Law of Property (Miscellaneous Provisions) Act 1989, Section 2 |
| 650 ## - KEYWORDS | |
| Keywords | Deeds |
| 651 ## - SUBJECT ADDED ENTRY--GEOGRAPHIC NAME | |
| Geographic name | United Kingdom 1973 |
| 690 ## - LOCAL SUBJECT ADDED ENTRY--TOPICAL TERM (OCLC, RLIN) | |
| 9 (RLIN) | 6269 |
| Topical term or geographic name as entry element | Sales |
| 700 ## - ADDED PERSONAL NAME | |
| Added personal author | McCastman, Rachel |
| Withdrawn status | Lost status | Damaged status | Not for loan | Home library | Current library | Shelving location | Date acquired | Total Checkouts | Date last seen | Price effective from | Koha item type |
|---|---|---|---|---|---|---|---|---|---|---|---|
| London | London | Gallery | 04/10/2019 | 04/10/2019 | 04/10/2019 | Journal article |